Základy pravdepodobnosti

Bibliographic Details
Main Author: Šramo, Jozef (Author)
Format: Article
Language:Slovak
PhysicalDescription:Sch. 1. Graf 9., lit. 5 zázn. v slov.
Subjects:

MARC

LEADER 00000nab a2200000 a 4500
001 vtls000329662
003 SK-MaSNL
005 20260304013332.0
008 160204c1988 xo 0 slo
015 |a SNBRA19rr/mm-uuuuu 
035 |a CL0329784 
040 |a SNKBUCL  |b slo  |c SNKBUCL  |e AACR2 
041 0 |a slo 
044 |a xo  |c SK 
080 |a 519.21  |2 1981 
080 |a 519.22  |2 1981 
100 1 |a Šramo, Jozef  |4 aut  |9 9537 
245 1 0 |a Základy pravdepodobnosti  |c Jozef Šramo 
300 |b Sch. 1. Graf 9., lit. 5 zázn. v slov. 
650 0 7 |a teória pravdepodobnosti  |2 snkbucl  |9 104068 
650 0 7 |a matematická štatistika  |2 snkbucl  |9 777 
650 0 7 |a náhodná premenná  |2 snkbucl  |9 633572 
655 7 |a články zo zborníkov  |2 snkbucl  |9 166140 
773 0 |t Ekonomické prepočty v riadení akosti  |d Žilina : Dom techniky ČSVTS, 1988  |g S. 4-43 
850 |a Slovenská národná knižnica v Martine  |a MTA001 
852 |a SNK  |b KIS3GCP 
958 |a NB 
958 |a RK 
992 |a RZB 
999 |c 2575347  |d 2577277